Language Quiz

Random Language or Spanish Quiz

Spanish Long-form Possessive Adjectives and Pronouns Quiz Stats

Quiz not verified by Sporcle

Challenge
Share
Tweet
Embed
Score 0/16 Timer 03:00
0 Plays Today
Hint Answer % Correct
[yours, your (familiar singular)], (singular, masculine)tuyo
86.8%
ours, our, (singular, masculine)nuestro
86.1%
ours, our, (plural, masculine)nuestros
85.4%
ours, our, (singular, feminine)nuestra
85.4%
ours, our, (plural, feminine)nuestras
84.7%
[yours, your (familiar singular)], (plural, masculine)tuyos
84%
[yours, your (familiar singular)], (singular, feminine)tuya
81.3%
[yours, your (familiar singular)], (plural, feminine)tuyas
79.9%
Hint Answer % Correct
mine, my (singular, masculine)mío
66%
[your, your (familiar plural, Spain)], (singular, masculine)vuestro
64.6%
[your, your (familiar plural, Spain)], (plural, masculine)vuestros
64.6%
[your, your (familiar plural, Spain)], (singular, feminine)vuestra
64.6%
mine, my (plural, masculine)míos
63.9%
mine, my (singular, feminine)mía
63.2%
mine, my (plural, feminine)mías
63.2%
[your, your (familiar plural, Spain)], (plural, feminine)vuetras
13.9%

You're not logged in!

Compare scores with friends on all Sporcle quizzes.
Join for Free
OR
Log In

You Might Also Like...

Show Comments

Extras

Created May 20, 2017ReportNominate
Tags:Spanish Quiz, possession

Top Quizzes Today


Score Distribution

Your Account Isn't Verified!

In order to create a playlist on Sporcle, you need to verify the email address you used during registration. Go to your Sporcle Settings to finish the process.

Report this User

Report this user for behavior that violates our Community Guidelines.

Details: